000
00290nam a2200121Ia 4500
008
201214s9999 xx 000 0 und d
100
_a
DeMarco, Tom
245
0
_a
Structured Analysis and System Specification
260
_a
New Jersey
260
_b
Prentice-Hall
300
_a
0
942
_c
BK
999
_c
5851
_d
5851